000 00674nam a2200181Ia 4500
008 151018s9999 xx 000 0 und d
082 _bRBASDV941
_a891.464
100 _aवा का किर्लोस्कर
245 _aविवाह संस्थेचा इतिहास
250 _b1
260 _bमा स कुळकर्णी
_c1937
300 _a86
600 _aवा का किर्लोस्कर
630 _aविवाह संस्थेचा इतिहास
700 _aवा का किर्लोस्कर
730 _aविवाह संस्थेचा इतिहास
942 _cBOOK
999 _c1003409
_d1003406